000 00489nam a2200157 i 4500
001 52879
003 ES-MaACL
007 t|
008 030905s1959 mx ||||1| spa d
100 1 _aDejean, Georges.
_943261
245 1 4 _aLas garras del maligno
_b: un crimen perfecto /
_cGeorges Dejean ; traducción de Carlos Sierra y Hoyos.
260 _aMéxico :
_bJus,
_c1959.
300 _a196 p. ;
_c19 cm.
700 1 _aSierra y Hoyos, Carlos.
_9106286
852 _aES-MaACL
_jE-9777
_bR.93793
999 _c52879
_d52879